000 00975nam a2200277 a 4500
001 1348
003 BR-CuiBMT
005 20231205194311.0
008 231201s2011 dfba 001 0 por d
020 _a9788570183453
040 _aBR-CuiBMT
_cBR-CuiBMT
080 _a82-94
_22007
090 _a82-94
_bM447a
100 1 _aMauá, Irineu Evangelista de Sousa,
_cVisconde de,
_d1813-1889.
245 1 0 _aAutobiografia /
_cVisconde de Mauá; prefácio e anotações de Cláudio Ganns.
260 _aBrasília :
_bSenado Federal :
_bConselho Editorial ;
_c2011.
300 _a334 p. :
_bil. ;
_c23 cm
490 1 _aColeção edições do Senado Federal ;
_vv. 148
504 _aInclui bibliografia e índice.
600 _aMauá, Irineu Evangelista de Sousa,
_cVisconde de,
_d1813-1889
650 _aEmpresário
_xHistória
_zBrasil
650 _aIndustrial
_zBrasil
650 _aBanqueiro
_xHistória
_zBrasil
830 0 _aEdições do Senado Federal ;
_v148
942 _2udc
_cLV
999 _c1348
_d1348